00565 a2200181 4500001000700000003000400007005001700011008004100028082001600069100002500085245005900110260002900169300001000198653003700208942001200245999001500257952011100272068348OSt20220216143428.0  a517.5bM11E1 aMaccluer, Barbara D.1 aElementary functional analysiscby Barbara D. Maccluer aNew YorkbSpringerc2009 a207p. aFunctional analysis; Mathematics 2ddccBK c2031d2031 00102ddc40708TXBaCURAJbCURAJd2012-03-07eMTHg2143.00o517.5 M11Ep2635r2024-11-21w2020-09-02yBK